00923nam a2200217 a 450000100100000000500170001000800410002704000250006824501780009325000110027126000390028230000320032150400380035365000370039165000400042870000380046870000340050670000430054095201050058399900170068800003674120200930075917.0120127s1888 mx a 000 0 spa d aDO-SdBNPbspacBNPHU00aTratado de enfermería geriátrica /cdirigido por Doris L. Carnevali, Maxine Patrick con 26 colaboradores ; traducción José Pérez Gómez, Antonio Garst Thalheimer. a2. ed. aMéxico :bInteramericana,c1888. axv, 755 p. :bil. ;c26 cm. aIncluye bibliografía e índice24aEnfermería geriátrica96306124aEnfermería (supervisión)9630621 aCarnevali, Doris L.,edir.9630631 aPatrick, Maxine,edir.9630641 aPérez Gómez, José,etrad.963065 001050718MOaGRbGRcCTd2012-01-27iLF1l0o p36741-10r2020-06-25w2020-06-25y1ZNo se presta c36232d36232